[Event "26. Münsterland Open"]
[Site "Senden"]
[Date "2008.09.28"]
[Round "3.8"]
[White "Sazanov, Nikolai"]
[Black "Solodovnichenko, Yuri"]
[Result "0-1"]
[WhiteElo "2162"]
[BlackElo "2541"]
[PlyCount "74"]
[EventDate "2008.??.??"]

1. d4 g6 2. e3 Bg7 3. f4 d6 4. Nf3 Nd7 5. Bc4 e6 6. O-O Ne7 7. Qe1 b6 8. Qh4
Bb7 9. Nc3 c5 10. Nb5 Nf6 11. a4 Nf5 12. Qe1 a6 13. Na3 Bxf3 14. Rxf3 cxd4 15.
e4 Nxe4 16. Bxe6 fxe6 17. Qxe4 Qc8 18. g4 d5 19. Qe2 Nd6 20. Bd2 Ne4 21. Raf1
h5 22. Rh3 hxg4 23. Rxh8+ Bxh8 24. Be1 Bf6 25. Qxg4 Kf7 26. h4 Qh8 27. Nb1 Rc8
28. c3 dxc3 29. Nxc3 Nxc3 30. bxc3 Bxc3 31. Bg3 Bd4+ 32. Kh1 Qh5 33. Qg5 Qe2
34. Re1 Qf3+ 35. Kh2 Rc2+ 36. Kh3 Qg2+ 37. Kg4 Rc3 0-1

[Event "26. Münsterland Open"]
[Site "Senden"]
[Date "2008.09.28"]
[Round "3.9"]
[White "Beutelhoff, Josef"]
[Black "Henrichs, Thomas"]
[Result "0-1"]
[WhiteElo "2139"]
[BlackElo "2491"]
[PlyCount "42"]
[EventDate "2008.??.??"]

1. d4 Nf6 2. c4 g6 3. Nc3 d5 4. Bf4 Bg7 5. Nf3 O-O 6. e3 c5 7. dxc5 Qa5 8. Nd2
dxc4 9. Bxc4 Qxc5 10. Qe2 Nh5 11. Bxb8 Rxb8 12. Rc1 b5 13. b4 Qg5 14. h4 Qxg2
15. Bd5 Qg4 16. Bf3 Qxb4 17. Nd5 Qd6 18. Ne4 Qxd5 19. Nf6+ Nxf6 20. Bxd5 Nxd5
21. h5 Nc3 0-1

[Event "26. Münsterland Open"]
[Site "Senden"]
[Date "2008.09.28"]
[Round "3.10"]
[White "Saulin, Dimitrij"]
[Black "Woestmann, Ulrich"]
[Result "1-0"]
[WhiteElo "2409"]
[BlackElo "2050"]
[PlyCount "43"]
[EventDate "2008.??.??"]

1. e4 c5 2. Nf3 d6 3. Bd3 e5 4. c3 Nc6 5. O-O g6 6. Bb5 Bd7 7. d4 Qc7 8. Na3
exd4 9. cxd4 Bg7 10. dxc5 dxc5 11. Nc4 Nd4 12. Nxd4 Bxd4 13. Qa4 Nf6 14. e5 Ne4
15. Bh6 Bxb5 16. Qxb5+ Qd7 17. Qa5 Qc6 18. Rae1 b6 19. Qa3 Kd7 20. Qf3 f5 21.
exf6 Nxf6 22. Re7+ 1-0

[Event "26. Münsterland Open"]
[Site "Senden"]
[Date "2008.09.29"]
[Round "4.1"]
[White "Donchenko, Anatoly"]
[Black "Ulko, Jaroslav"]
[Result "1/2-1/2"]
[WhiteElo "2399"]
[BlackElo "2470"]
[PlyCount "26"]
[EventDate "2008.??.??"]
[WhiteTeam "SK 1858 Gießen"]
[BlackTeam "Kultur- und Sportverein Srbija"]

1. d4 Nf6 2. c4 e6 3. Nf3 b6 4. g3 Ba6 5. b3 Bb4+ 6. Bd2 Be7 7. Bg2 c6 8. Bc3
d5 9. Ne5 Nfd7 10. Nxd7 Nxd7 11. Nd2 O-O 12. O-O Rc8 13. e4 b5 1/2-1/2

[Event "26. Münsterland Open"]
[Site "Senden"]
[Date "2008.09.29"]
[Round "4.2"]
[White "Stets, Dmitry"]
[Black "Kummerow, Heiko"]
[Result "1-0"]
[WhiteElo "2420"]
[BlackElo "2357"]
[PlyCount "51"]
[EventDate "2008.??.??"]
[WhiteTeam "SF Gerresheim 86"]
[BlackTeam "Recklinghäuser SG"]

1. e4 e6 2. d4 d5 3. Nc3 Bb4 4. e5 c5 5. a3 Bxc3+ 6. bxc3 Ne7 7. Qg4 Qc7 8.
Qxg7 Rg8 9. Qxh7 cxd4 10. Ne2 Nbc6 11. f4 dxc3 12. Qd3 d4 13. Ng3 Bd7 14. Ne4
O-O-O 15. Rb1 Nxe5 16. fxe5 Qxe5 17. Qe2 Ba4 18. Rb4 Bc6 19. Nxc3 Qa5 20. Nb5
Nd5 21. Qe5 f6 22. Qxe6+ Kb8 23. Kf2 Rge8 24. Qf5 Bxb5 25. Bxb5 Nxb4 26. axb4
1-0

[Event "26. Münsterland Open"]
[Site "Senden"]
[Date "2008.09.29"]
[Round "4.3"]
[White "Korth, Daniel"]
[Black "Borovikov, Vladislav"]
[Result "1/2-1/2"]
[WhiteElo "2213"]
[BlackElo "2580"]
[PlyCount "58"]
[EventDate "2008.??.??"]
[WhiteTeam "SK Münster 32"]
[BlackTeam "SC 1919 Siegburg"]

1. d4 d5 2. c4 c6 3. cxd5 cxd5 4. Nf3 Nc6 5. Nc3 Nf6 6. Bf4 a6 7. Rc1 Bf5 8.
Ne5 Rc8 9. e3 e6 10. Bd3 Bxd3 11. Nxd3 Be7 12. O-O O-O 13. Na4 Nd7 14. Nac5
Nxc5 15. Nxc5 Na5 16. Qg4 Bxc5 17. dxc5 Re8 18. Qg3 Nc6 19. Be5 Nxe5 20. Qxe5
f6 21. Qd4 Qd7 22. Rfd1 Red8 23. e4 Qc7 24. Qe3 dxe4 25. Qxe4 Qxc5 26. Qxe6+
Kh8 27. Qxc8 Qxc8 28. Rxc8 Rxc8 29. Kf1 h6 1/2-1/2

[Event "26. Münsterland Open"]
[Site "Senden"]
[Date "2008.09.29"]
[Round "4.4"]
[White "Solodovnichenko, Yuri"]
[Black "Freitag, Julia"]
[Result "1-0"]
[WhiteElo "2541"]
[BlackElo "2176"]
[PlyCount "39"]
[EventDate "2008.??.??"]
[WhiteTeam "SF Gerresheim 86"]
[BlackTeam "SC Steinfurt 1996"]

1. e4 e6 2. d4 d5 3. Nc3 dxe4 4. Nxe4 b6 5. Nf3 Bb7 6. Bb5+ c6 7. Bd3 Be7 8.
Qe2 Nf6 9. O-O Nbd7 10. Neg5 Nd5 11. c4 Nb4 12. Bxh7 Qc7 13. Bg6 Bxg5 14. Qxe6+
Be7 15. Qxf7+ Kd8 16. Bf4 Bd6 17. Rae1 Nf6 18. Bxd6 Qxd6 19. Qxb7 Rc8 20. Ne5
1-0

[Event "26. Münsterland Open"]
[Site "Senden"]
[Date "2008.09.29"]
[Round "4.5"]
[White "Henrichs, Thomas"]
[Black "Bösel, Alexander"]
[Result "1-0"]
[WhiteElo "2491"]
[BlackElo "2017"]
[PlyCount "103"]
[EventDate "2008.??.??"]
[WhiteTeam "SC Hansa Dortmund"]
[BlackTeam "SF Olfen 1975"]

1. d4 d5 2. c4 c6 3. Nf3 Nf6 4. Nc3 e6 5. Bg5 Nbd7 6. cxd5 exd5 7. e3 Bd6 8.
Bd3 O-O 9. Qc2 h6 10. Bh4 Re8 11. O-O Qc7 12. Rac1 a6 13. Bf5 g5 14. Bg3 Nf8
15. b4 Kg7 16. Nd2 Qe7 17. Bxd6 Qxd6 18. Rb1 Ng6 19. Ne2 Bxf5 20. Qxf5 Nh4 21.
Ng3 Qe6 22. Qxe6 Rxe6 23. Rfc1 Nd7 24. Nb3 Nb6 25. Na5 Re7 26. Nf1 Nf5 27. Nd2
Nd6 28. Ndb3 f5 29. Nc5 Rae8 30. Nd3 Nbc4 31. Nxc4 Nxc4 32. g3 b5 33. Ra1 Ra8
34. a4 bxa4 35. Rxa4 Rea7 36. Ne5 Nxe5 37. dxe5 Rc8 38. Ra5 Rac7 39. Rxa6 Kf7
40. f4 g4 41. Ra5 Ke7 42. Rac5 Kd7 43. b5 cxb5 44. Rxc7+ Rxc7 45. Rxc7+ Kxc7
46. Kf2 Kc6 47. Ke2 Kb6 48. Kd3 Kc5 49. Kc3 Kb6 50. Kb4 Kc6 51. e6 Kd6 52. Kxb5
1-0

[Event "26. Münsterland Open"]
[Site "Senden"]
[Date "2008.09.29"]
[Round "4.6"]
[White "Wewers, Reinhard"]
[Black "Saulin, Dimitrij"]
[Result "0-1"]
[WhiteElo "2141"]
[BlackElo "2409"]
[PlyCount "66"]
[EventDate "2008.??.??"]
[WhiteTeam "SV Essen Überruhr 46"]
[BlackTeam "Kultur- und Sportverein Srbija"]

1. Nf3 Nf6 2. g3 d5 3. Bg2 c6 4. b3 Bg4 5. c4 e6 6. Bb2 Nbd7 7. O-O Bd6 8. d3
Qe7 9. a3 O-O 10. Nbd2 Rfd8 11. Ra2 h6 12. Re1 e5 13. h3 Bf5 14. cxd5 cxd5 15.
Nh4 Bh7 16. e4 Nc5 17. Qb1 dxe4 18. dxe4 Qe6 19. Re3 Bc7 20. Ba1 b5 21. b4 Na4
22. Nf5 Rd7 23. Re1 Rad8 24. Nf1 Bb6 25. Kh2 Rd3 26. Qc2 Kh8 27. f3 Ne8 28. Re2
f6 29. N5e3 Nc7 30. Kh1 Bg8 31. Nd5 Nxd5 32. exd5 Qxd5 33. Qc1 Rd1 0-1

[Event "26. Münsterland Open"]
[Site "Senden"]
[Date "2008.09.29"]
[Round "4.7"]
[White "Michalczak, Thomas"]
[Black "Tkachuk, Konstantyn"]
[Result "1/2-1/2"]
[WhiteElo "2297"]
[BlackElo "2165"]
[PlyCount "38"]
[EventDate "2008.??.??"]
[WhiteTeam "SG 1868 Aljechin"]
[BlackTeam "SG Bochum 1931"]

1. e4 c5 2. c3 g6 3. d4 cxd4 4. cxd4 d5 5. exd5 Nf6 6. Bb5+ Bd7 7. Bc4 b5 8.
Bb3 Bg7 9. a3 Na6 10. d6 exd6 11. Qe2+ Qe7 12. Bf4 Bc6 13. Nf3 Rd8 14. Qxe7+
Kxe7 15. Nc3 Nc7 16. O-O-O Nfd5 17. Bg5+ f6 18. Nxd5+ Bxd5 19. Bxd5 Nxd5
1/2-1/2

[Event "26. Münsterland Open"]
[Site "Senden"]
[Date "2008.09.29"]
[Round "4.8"]
[White "Sazanov, Nikolay"]
[Black "Torres-Kuckel, Rafael"]
[Result "0-1"]
[WhiteElo "2204"]
[BlackElo "2270"]
[PlyCount "60"]
[EventDate "2008.??.??"]
[WhiteTeam "SC Steinfurt 1996"]
[BlackTeam "SV Ahlen 1954"]

1. d4 Nf6 2. e3 g6 3. f4 d6 4. Nf3 Bg7 5. Bc4 O-O 6. O-O c5 7. c3 b6 8. Nbd2
Ba6 9. Bxa6 Nxa6 10. Qe1 Qd7 11. h3 b5 12. Qh4 b4 13. e4 bxc3 14. bxc3 cxd4 15.
cxd4 Nb4 16. e5 Nfd5 17. Ne4 Nc2 18. f5 Nxa1 19. Neg5 h5 20. fxg6 fxg6 21. Qe4
dxe5 22. Bb2 exd4 23. Qxg6 Qf5 24. Qxh5 Nc2 25. Rd1 e5 26. g4 Nf4 27. Qh4 Qg6
28. Rd2 e4 29. Rxc2 exf3 30. Rc7 Qxg5 0-1

[Event "26. Münsterland Open"]
[Site "Senden"]
[Date "2008.09.29"]
[Round "4.9"]
[White "Rott, Georg"]
[Black "Terwey, Matthias"]
[Result "1-0"]
[WhiteElo "2239"]
[BlackElo "2070"]
[PlyCount "37"]
[EventDate "2008.??.??"]
[WhiteTeam "SK Münster 32"]
[BlackTeam "SK Münster 32"]

1. e4 e5 2. Nf3 Nc6 3. Bb5 a6 4. Bxc6 dxc6 5. O-O f6 6. d4 Bg4 7. c3 exd4 8.
cxd4 c5 9. d5 Bd6 10. Be3 Ne7 11. Nbd2 Ng6 12. h3 h5 13. Qc2 Qd7 14. hxg4 Qxg4
15. Nc4 h4 16. Nxd6+ cxd6 17. Nh2 Qh5 18. Qd1 Qe5 19. Qg4 1-0

[Event "26. Münsterland Open"]
[Site "Senden"]
[Date "2008.09.29"]
[Round "4.10"]
[White "Klatt, Peter"]
[Black "Rüberg, Jobst"]
[Result "0-1"]
[WhiteElo "2016"]
[BlackElo "2229"]
[PlyCount "76"]
[EventDate "2008.??.??"]
[WhiteTeam "SV Ahlen 1954"]
[BlackTeam "SC Sendenhorst"]

1. e4 c5 2. Nf3 a6 3. c3 d5 4. exd5 Qxd5 5. d4 Nf6 6. dxc5 Qxc5 7. Be3 Qc7 8.
Na3 e6 9. Nc4 Nd5 10. Bd4 Nc6 11. Ne3 Nxd4 12. Qxd4 Nf6 13. b4 Bd7 14. a3 Rd8
15. Rd1 Be7 16. Qe5 Qc6 17. c4 Qa4 18. Qb2 a5 19. c5 O-O 20. Bd3 b6 21. Bc2 Qc6
22. Ne5 Qc7 23. cxb6 Qxb6 24. N5c4 Qa6 25. Nxa5 Rb8 26. Nac4 Bb5 27. Ne5 Rfd8
28. Qb3 Rxd1+ 29. Bxd1 Ra8 30. N5c4 Nd5 31. Nxd5 exd5 32. Na5 Bf6 33. a4 Re8+
34. Kd2 Bc4 35. Qg3 Qb6 36. Nxc4 Qxb4+ 37. Kc1 Qxc4+ 38. Bc2 Rc8 0-1

[Event "26. Münsterland Open"]
[Site "Senden"]
[Date "2008.09.30"]
[Round "5.1"]
[White "Ulko, Jaroslav"]
[Black "Stets, Dmitry"]
[Result "1-0"]
[WhiteElo "2470"]
[BlackElo "2420"]
[PlyCount "95"]
[EventDate "2008.??.??"]

1. d4 Nf6 2. c4 g6 3. Nc3 Bg7 4. e4 d6 5. Nf3 O-O 6. Be2 e5 7. d5 a5 8. Bg5 Na6
9. Nd2 h6 10. Be3 Nd7 11. g4 f5 12. gxf5 gxf5 13. exf5 Ndc5 14. Rg1 Kh8 15.
Nde4 Bxf5 16. Ng3 Bg6 17. Nh5 Bxh5 18. Bxh5 Qh4 19. Qe2 Nd3+ 20. Qxd3 Qxh5 21.
Ne2 Rf3 22. O-O-O Raf8 23. Rg2 Qf7 24. Rdg1 Nc5 25. Qc2 b6 26. Kb1 Qf5 27. Ng3
Qxc2+ 28. Kxc2 Kh7 29. Bxc5 bxc5 30. Ne4 R3f4 31. Kd3 Bf6 32. Rg4 Bh4 33. Ke2
Rxe4+ 34. Rxe4 Rxf2+ 35. Kd3 Rxh2 36. Re2 Rh3+ 37. Ke4 Bg5 38. Kf5 Rf3+ 39. Ke6
Kg6 40. Kd7 Rf7+ 41. Kc6 Re7 42. Kb5 e4 43. Rf1 e3 44. Kxa5 h5 45. Kb5 h4 46.
Kc6 Kh5 47. a4 h3 48. a5 1-0

[Event "26. Münsterland Open"]
[Site "Senden"]
[Date "2008.09.30"]
[Round "5.2"]
[White "Saulin, Dimitrij"]
[Black "Solodovnichenko, Yuri"]
[Result "1-0"]
[WhiteElo "2409"]
[BlackElo "2541"]
[PlyCount "81"]
[EventDate "2008.??.??"]

1. e4 c5 2. Nf3 d6 3. d4 Nf6 4. Nc3 cxd4 5. Nxd4 a6 6. Be2 e5 7. Nb3 Be7 8. O-O
Be6 9. f4 Qc7 10. Kh1 Nbd7 11. a4 h6 12. a5 O-O 13. f5 Bc4 14. Bxc4 Qxc4 15.
Ra4 Qc6 16. Qd3 Rac8 17. Qf3 Rfe8 18. Be3 Nf8 19. Nd2 N8h7 20. Nc4 Bd8 21. Rd1
Bc7 22. h4 Rcd8 23. Bb6 h5 24. b3 Ng4 25. Be3 Rd7 26. Rd2 Bxa5 27. Rxa5 b5 28.
Nb6 Qxc3 29. Rxa6 Nxe3 30. Re2 Rb7 31. Rxe3 Qxc2 32. Nd5 Rc8 33. Qxh5 Rc6 34.
Ra1 Rc8 35. f6 Qf2 36. Rf3 Qd4 37. Raf1 Qxe4 38. Rg3 Qxd5 39. Rxg7+ Kf8 40.
Qxh7 Ke8 41. Qg8+ 1-0

[Event "26. Münsterland Open"]
[Site "Senden"]
[Date "2008.09.30"]
[Round "5.3"]
[White "Torres-Kuckel, Rafael"]
[Black "Henrichs, Thomas"]
[Result "0-1"]
[WhiteElo "2270"]
[BlackElo "2491"]
[PlyCount "70"]
[EventDate "2008.??.??"]

1. e4 c5 2. Nf3 d6 3. c3 Nf6 4. Bd3 Bg4 5. h3 Bh5 6. O-O Nc6 7. Bc2 e6 8. d3 d5
9. Nbd2 Qc7 10. Re1 O-O-O 11. Qe2 Kb8 12. Nf1 Bd6 13. g4 dxe4 14. dxe4 Bg6 15.
Nh4 Nd7 16. Be3 f6 17. Rad1 Bf7 18. g5 Be7 19. f4 fxg5 20. fxg5 h6 21. Bf2 hxg5
22. Bg3 Nde5 23. Rxd8+ Bxd8 24. Nf3 Bf6 25. Kg2 Ka8 26. Ne3 Bh5 27. Ng4 Bxg4
28. hxg4 Qb6 29. Nxe5 Bxe5 30. Bb3 Bxg3 31. Kxg3 Ne5 32. Qe3 Qc7 33. Kg2 Nxg4
34. Qg3 Rh2+ 35. Kf3 Qf7+ 0-1

[Event "26. Münsterland Open"]
[Site "Senden"]
[Date "2008.09.30"]
[Round "5.4"]
[White "Borovikov, Vladislav"]
[Black "Donchenko, Anatoly"]
[Result "1/2-1/2"]
[WhiteElo "2580"]
[BlackElo "2399"]
[PlyCount "68"]
[EventDate "2008.??.??"]

1. d4 d5 2. c4 e6 3. Nc3 Nf6 4. Nf3 Be7 5. Bg5 h6 6. Bh4 O-O 7. e3 b6 8. Bd3
Bb7 9. O-O Nbd7 10. Qe2 dxc4 11. Bxc4 Ne4 12. Bg3 Bd6 13. Nxe4 Bxe4 14. Rac1
Bxg3 15. hxg3 c5 16. Rfd1 Qe7 17. Bb5 Bxf3 18. Qxf3 Nf6 19. dxc5 bxc5 20. Qc6
Rfc8 21. Qd6 Qxd6 22. Rxd6 Rab8 23. a4 Rb6 24. Rxb6 axb6 25. b4 Ne4 26. Ba6 Rd8
27. a5 cxb4 28. axb6 Nc3 29. b7 Rb8 30. Rc2 Kf8 31. Rb2 Na4 32. Rc2 Nc3 33. Rb2
Nd5 34. Rc2 Nc3 1/2-1/2

[Event "26. Münsterland Open"]
[Site "Senden"]
[Date "2008.09.30"]
[Round "5.5"]
[White "Kummerow, Heiko"]
[Black "Meertens, Martin"]
[Result "1-0"]
[WhiteElo "2357"]
[BlackElo "2180"]
[PlyCount "67"]
[EventDate "2008.??.??"]

1. e4 e5 2. Nf3 Nc6 3. d4 exd4 4. Nxd4 Nf6 5. Nxc6 bxc6 6. Bd3 d5 7. exd5 cxd5
8. O-O Be7 9. Nc3 O-O 10. Bf4 Bg4 11. Qd2 c6 12. Rfe1 Nd7 13. h3 Bh5 14. Qe3
Re8 15. Qg3 Bg6 16. Bc7 Qc8 17. Rad1 Nf8 18. Bxg6 Nxg6 19. Na4 Qf5 20. Qd3 Qxd3
21. cxd3 Rec8 22. Bg3 Kf8 23. Rc1 Ke8 24. Rc3 Kd7 25. Rb3 f5 26. Rb7+ Kd8 27.
d4 Bf8 28. Rf7 Bb4 29. Re2 f4 30. Bxf4 Nxf4 31. Rxf4 Rc7 32. Nc5 Bxc5 33. dxc5
Kc8 34. Re8+ 1-0

[Event "26. Münsterland Open"]
[Site "Senden"]
[Date "2008.09.30"]
[Round "5.6"]
[White "Haenisch, Uwe"]
[Black "Michalczak, Thomas"]
[Result "0-1"]
[WhiteElo "2165"]
[BlackElo "2297"]
[PlyCount "70"]
[EventDate "2008.??.??"]

1. e4 e5 2. f4 exf4 3. Nf3 g5 4. h4 g4 5. Ne5 Nf6 6. Nxg4 Nxe4 7. Qe2 Qe7 8. d3
Ng3 9. Qxe7+ Bxe7 10. Rh2 d5 11. Ne5 Bd6 12. Nf3 Nc6 13. Bd2 Bg4 14. Bc3 O-O
15. Nbd2 Rfe8+ 16. Kf2 h5 17. Nb3 Re7 18. Re1 Rae8 19. Rxe7 Rxe7 20. a3 b6 21.
Nc1 Bc5+ 22. d4 Bxa3 23. Bd3 Bd6 24. Ne2 a5 25. b3 Rxe2+ 26. Bxe2 Ne4+ 27. Ke1
Nxc3 28. Bd3 Ne4 29. Bb5 Bb4+ 30. Kf1 Ng3+ 31. Kf2 Na7 32. Ba6 Bc3 33. Bb7 c6
34. Ba8 Kf8 35. Bb7 Ke7 0-1

[Event "26. Münsterland Open"]
[Site "Senden"]
[Date "2008.09.30"]
[Round "5.7"]
[White "Tkachuk, Konstantyn"]
[Black "Rott, Georg"]
[Result "1/2-1/2"]
[WhiteElo "2165"]
[BlackElo "2239"]
[PlyCount "47"]
[EventDate "2008.??.??"]

1. e4 e6 2. d4 d5 3. exd5 exd5 4. Nf3 Bd6 5. Bd3 Nf6 6. O-O O-O 7. Bg5 c6 8.
Nbd2 b6 9. c4 Be7 10. b3 Bb7 11. Re1 Nbd7 12. cxd5 Nxd5 13. Bxe7 Nxe7 14. Ne4
Qc7 15. Neg5 Nf6 16. Nxh7 Nxh7 17. Bxh7+ Kh8 18. Bc2 g6 19. Ng5 Kg7 20. Re3 Nd5
21. Rh3 Rh8 22. Qf3 Rxh3 23. Qxh3 Rh8 24. Qg3 1/2-1/2

[Event "26. Münsterland Open"]
[Site "Senden"]
[Date "2008.09.30"]
[Round "5.8"]
[White "Rüberg, Jobst"]
[Black "Fox, Daniel"]
[Result "1/2-1/2"]
[WhiteElo "2229"]
[BlackElo "2129"]
[PlyCount "55"]
[EventDate "2008.??.??"]

1. e4 e6 2. d4 d5 3. e5 c5 4. c3 Qb6 5. Nf3 Nc6 6. Be2 Nh6 7. Bd3 cxd4 8. cxd4
Bd7 9. Bc2 Nb4 10. Bxh6 Nxc2+ 11. Qxc2 gxh6 12. O-O Bg7 13. Nc3 O-O 14. Rfe1 f6
15. Qd2 fxe5 16. Nxe5 Bxe5 17. Rxe5 Rf6 18. f4 Raf8 19. Rf1 Rf5 20. Rxf5 Rxf5
21. Nd1 e5 22. fxe5 Rxe5 23. Ne3 Rg5 24. h4 Rg6 25. Qf2 Qd6 26. Qf7+ Kh8 27. h5
Rg5 28. a3 1/2-1/2

[Event "26. Münsterland Open"]
[Site "Senden"]
[Date "2008.09.30"]
[Round "5.9"]
[White "Kuznetsov, Mark"]
[Black "Korth, Daniel"]
[Result "1/2-1/2"]
[WhiteElo "2003"]
[BlackElo "2213"]
[PlyCount "65"]
[EventDate "2008.??.??"]

1. e4 e5 2. Nf3 Nc6 3. Nc3 Nf6 4. Bb5 Bb4 5. O-O O-O 6. Bxc6 dxc6 7. Nxe5 Re8
8. d4 c5 9. Bg5 Qxd4 10. Bxf6 Qxd1 11. Raxd1 gxf6 12. Nd7 Bxc3 13. bxc3 Bxd7
14. Rxd7 Rac8 15. f3 Re6 16. Rb1 Rb6 17. Rb3 Kf8 18. Rd5 c4 19. Rb4 c5 20. Rxc4
Rb1+ 21. Kf2 Rb2 22. Rcxc5 Rxc5 23. Rxc5 Rxc2+ 24. Kg3 Rxa2 25. Rc8+ Kg7 26.
Rb8 Rb2 27. c4 a5 28. Ra8 b6 29. c5 bxc5 30. Rxa5 Rc2 31. h4 Kg6 32. Ra6 Kg7
33. Rc6 1/2-1/2

[Event "26. Münsterland Open"]
[Site "Senden"]
[Date "2008.09.30"]
[Round "5.10"]
[White "Sazanov, Nikolay"]
[Black "Michalicek, Roland"]
[Result "1-0"]
[WhiteElo "2204"]
[BlackElo "1972"]
[PlyCount "61"]
[EventDate "2008.??.??"]

1. d4 d5 2. e3 e6 3. Bd3 Nf6 4. f4 c5 5. c3 cxd4 6. exd4 a6 7. Nf3 g6 8. Nbd2
Bg7 9. Ne5 O-O 10. h4 b5 11. Qf3 Bb7 12. g4 Nbd7 13. h5 Qe7 14. Qh3 g5 15. h6
Bh8 16. Ndf3 gxf4 17. Bxf4 Ne4 18. Nxd7 Qxd7 19. a3 Qe7 20. O-O Rab8 21. Rad1
Ra8 22. Kh2 f6 23. Rg1 Ra7 24. Rg2 Raa8 25. g5 f5 26. Rdg1 Rae8 27. Ne5 Bxe5
28. Bxe5 Rf7 29. g6 hxg6 30. Rxg6+ Kh7 31. Rg7+ 1-0

[Event "26. Münsterland Open"]
[Site "Senden"]
[Date "2008.10.01"]
[Round "6.1"]
[White "Henrichs, Thomas"]
[Black "Ulko, Jaroslav"]
[Result "1/2-1/2"]
[WhiteElo "2491"]
[BlackElo "2470"]
[PlyCount "83"]
[EventDate "2008.??.??"]
[WhiteTeam "SC Hansa Dortmund"]
[BlackTeam "Kultur- und Sportverein Srbija"]

1. d4 Nf6 2. c4 e6 3. g3 d5 4. Nf3 dxc4 5. Bg2 Nc6 6. Qa4 Bb4+ 7. Bd2 Nd5 8.
Qb5 O-O 9. Qxc4 Nb6 10. Qd3 e5 11. Bxb4 Nxb4 12. Qd2 Nc6 13. dxe5 Qe7 14. Qf4
Nd5 15. Qe4 Nf6 16. Qf4 Nd5 17. Qg5 Re8 18. Qxe7 Rxe7 19. O-O Ndb4 20. Nc3 Nxe5
21. Nxe5 Rxe5 22. Rfd1 Re8 23. a3 Na6 24. b4 Rb8 25. e3 Be6 26. Rab1 Kf8 27.
Nb5 c6 28. Nd6 Re7 29. Rbc1 Nc7 30. Nc4 Bd5 31. Na5 Bxg2 32. Kxg2 Ke8 33. Nc4
Rd7 34. Rxd7 Kxd7 35. Rd1+ Ke7 36. f4 f6 37. Na5 Nb5 38. Rd3 Nd6 39. Kf3 f5 40.
h3 g6 41. g4 Rc8 42. Rc3 1/2-1/2

[Event "26. Münsterland Open"]
[Site "Senden"]
[Date "2008.10.01"]
[Round "6.2"]
[White "Stets, Dmitry"]
[Black "Saulin, Dimitrij"]
[Result "1/2-1/2"]
[WhiteElo "2420"]
[BlackElo "2409"]
[PlyCount "88"]
[EventDate "2008.??.??"]
[WhiteTeam "SF Gerresheim 86"]
[BlackTeam "Kultur- und Sportverein Srbija"]

1. e4 c5 2. Nf3 d6 3. d4 cxd4 4. Nxd4 Nf6 5. Nc3 a6 6. Be3 e5 7. Nb3 Be6 8. Qd2
Nbd7 9. O-O-O b5 10. f4 Rc8 11. Kb1 Be7 12. f5 Bc4 13. g4 h6 14. Qg2 b4 15. Nd5
Nxd5 16. exd5 Bg5 17. Bxc4 Bxe3 18. Qe2 Qb6 19. h4 Ke7 20. Rh3 Bf4 21. Rf3 Kf8
22. Nd4 exd4 23. Rxf4 a5 24. Bb5 Ne5 25. f6 g5 26. hxg5 hxg5 27. Rf5 Qc5 28.
Bd3 Qxd5 29. Rxg5 a4 30. b3 axb3 31. axb3 Qa5 32. Be4 Rh6 33. Rf5 Rh3 34. Qf2
d3 35. Qd4 Qc7 36. Rf2 Nxg4 37. Bxd3 Nxf2 38. Qxf2 Rh8 $4 (38... Ra8 39. Qg2
Qa5 40. Qg7+ Ke8 41. Bb5+ Qxb5 42. Re1+ Kd7 43. Re7+ Kc6 44. Qg2+ d5 45. Qxh3
Kb6 $11) 39. Rg1 $4 (39. Qg3 Rg8 40. Qh2 $18) 39... Qc3 40. Qf3 Rc5 41. Qb7
Qxf6 42. Qb8+ Ke7 43. Qb7+ Kf8 44. Qb8+ Ke7 1/2-1/2

[Event "26. Münsterland Open"]
[Site "Senden"]
[Date "2008.10.01"]
[Round "6.4"]
[White "Michalczak, Thomas"]
[Black "Torres-Kuckel, Rafael"]
[Result "1-0"]
[WhiteElo "2297"]
[BlackElo "2270"]
[PlyCount "51"]
[EventDate "2008.??.??"]
[WhiteTeam "SG 1868 Aljechin"]
[BlackTeam "SV Ahlen 1954"]

1. e4 e5 2. Nf3 Nc6 3. Bb5 a6 4. Ba4 Nf6 5. O-O b5 6. Bb3 Be7 7. Re1 O-O 8. c3
d5 9. exd5 Nxd5 10. Nxe5 Nxe5 11. Rxe5 Nf6 12. d4 Bd6 13. Re1 Ng4 14. h3 Qh4
15. Qf3 Nxf2 16. Re2 Ng4 17. g3 Qxh3 18. Qxa8 Qxg3+ 19. Qg2 Qh4 20. Nd2 Qh5 21.
Nf1 Nf6 22. Rf2 Ng4 23. Bd1 Qg6 24. Bxg4 Bxg4 25. Bf4 f5 26. Ne3 1-0

[Event "26. Münsterland Open"]
[Site "Senden"]
[Date "2008.10.01"]
[Round "6.5"]
[White "Müschenich, Stefan"]
[Black "Borovikov, Vladislav"]
[Result "1/2-1/2"]
[WhiteElo "2157"]
[BlackElo "2580"]
[PlyCount "82"]
[EventDate "2008.??.??"]
[WhiteTeam "SV Königsspringer Hamm"]
[BlackTeam "SC 1919 Siegburg"]

1. e4 c5 2. Nf3 d6 3. d4 cxd4 4. Nxd4 Nf6 5. Nc3 a6 6. h3 e6 7. g4 d5 8. exd5
Nxd5 9. Nde2 Bb4 10. Bd2 Nxc3 11. Bxc3 Bxc3+ 12. Nxc3 Qxd1+ 13. Rxd1 Bd7 14.
Bg2 Bc6 15. O-O Ke7 16. Rd2 Bxg2 17. Kxg2 Nc6 18. Rfd1 Rhd8 19. Kf1 Rxd2 20.
Rxd2 Rc8 21. Ke2 Ne5 22. Nd1 g5 23. Ne3 h5 24. c3 h4 25. Rd4 Ng6 26. Ng2 e5 27.
Rb4 b5 28. Kd3 Rd8+ 29. Ke2 Kd6 30. a4 Kc5 31. axb5 axb5 32. Re4 Ra8 33. Kf3
Ra1 34. Ne1 f6 35. Kg2 Nf4+ 36. Kh2 Rb1 37. b4+ Kd5 38. Re3 Rb2 39. Nd3 Rd2 40.
Nxf4+ gxf4 41. Rf3 Kc4 1/2-1/2

[Event "26. Münsterland Open"]
[Site "Senden"]
[Date "2008.10.01"]
[Round "6.6"]
[White "Solodovnichenko, Yuri"]
[Black "Stöckmann, Helmut"]
[Result "1-0"]
[WhiteElo "2541"]
[BlackElo "2121"]
[PlyCount "57"]
[EventDate "2008.??.??"]
[WhiteTeam "SF Gerresheim 86"]
[BlackTeam "SF Neuenkirchen"]

1. e4 c5 2. Nc3 Nc6 3. Nge2 g6 4. d4 cxd4 5. Nxd4 Bg7 6. Be3 d6 7. Bc4 Nf6 8.
f3 O-O 9. Bb3 Na5 10. Qd2 Nxb3 11. axb3 Bd7 12. h4 h5 13. Bh6 a6 14. g4 b5 15.
O-O-O Kh7 16. Bxg7 Kxg7 17. gxh5 Nxh5 18. Nf5+ Bxf5 19. exf5 Ng3 20. Qd4+ Kh7
21. fxg6+ fxg6 22. Rhg1 Nh5 23. Ne4 Nf4 24. Ng5+ Kg8 25. Kb1 Rc8 26. h5 Qc7 27.
Qd2 Qc5 28. hxg6 Rf5 29. Qh2 1-0